000 00552nam a22001691i 4500
001 10535
010 _a9789727594832
090 _a10535
100 _a20170304u u u0frey50 ba
101 0 _apor
200 1 _fJohn Gray
_aMarte e vénus recomeçando
_eum guia prático para reencontrar o amor após uma separação traumática, um divórcio ou a perda da pessoa amada
210 _cTemas e Debates
_aLisboa
_d2002
215 _a331, [1] p.
_d21 cm
700 1 _aGray
_bJohn
_4070
_f1913-
702 1 _aSauer
_bAlyda Christina
_4730
801 _aPT
_gRPC
990 _cLIVROS